skbl

Dr Suryya Kumar Bhuyan Library Web-OPAC
ডঃ সূৰ্য্য
কুমাৰ ভূঞা পুথিভঁৰাল ৱেব-অ'পেক

All Research Scholars are advised to clear the annual library fees to continue using Library Resources, Remote Access, Plagiarism Test and Library Clearance.

Cotton University Book Fair 2026

Open Universities: The Ivory Towers Thrown Open / (Record no. 8528)

MARC details
000 -LEADER
fixed length control field 00903nam a2200337Ia 4500
001 - CONTROL NUMBER
control field 8541
005 - DATE AND TIME OF LATEST TRANSACTION
control field 20240113234118.0
007 - PHYSICAL DESCRIPTION FIXED FIELD--GENERAL INFORMATION
fixed length control field ta
008 - FIXED-LENGTH DATA ELEMENTS--GENERAL INFORMATION
fixed length control field 050719s 198 g b000 u eng u
020 ## - INTERNATIONAL STANDARD BOOK NUMBER
Terms of availability PB
040 ## - CATALOGING SOURCE
Original cataloging agency Cotton College Assam
041 ## - LANGUAGE CODE
Language code of text/sound track or separate title eng
082 ## - DEWEY DECIMAL CLASSIFICATION NUMBER
Classification number 370
Item number Re 246 Op
100 ## - MAIN ENTRY--PERSONAL NAME
Personal name Reddy, G. Ram .
245 #0 - TITLE STATEMENT
Title Open Universities: The Ivory Towers Thrown Open /
Statement of responsibility, etc. G. Ram Reddy.
Medium Textual Documents
250 ## - EDITION STATEMENT
Edition statement 1st ed. /
260 ## - PUBLICATION, DISTRIBUTION, ETC.
Place of publication, distribution, etc. New Delhi :
Name of publisher, distributor, etc. Sterling publishers ,
Date of publication, distribution, etc. C 1988.
300 ## - PHYSICAL DESCRIPTION
Extent viii, 270p. ;
Dimensions 22cm.
504 ## - BIBLIOGRAPHY, ETC. NOTE
Bibliography, etc. note Index
653 ## - INDEX TERM--UNCONTROLLED
Uncontrolled term Education-Open Universities
653 ## - INDEX TERM--UNCONTROLLED
Uncontrolled term Open University- Ivory Towers Thrown Open
653 ## - INDEX TERM--UNCONTROLLED
Uncontrolled term Open Universities-Ivory
653 ## - INDEX TERM--UNCONTROLLED
Uncontrolled term PG-Education
653 ## - INDEX TERM--UNCONTROLLED
Uncontrolled term G-Education
942 ## - ADDED ENTRY ELEMENTS (KOHA)
Source of classification or shelving scheme Dewey Decimal Classification
Koha item type Books
Holdings
Withdrawn status Lost status Damaged status Not for loan Collection Home library Current library Date acquired Coded location qualifier Total checkouts Full call number Barcode Date last seen Copy number Price effective from Koha item type
          Dr. Suryya Kumar Bhuyan Library Dr. Suryya Kumar Bhuyan Library 01/02/2012 00000   370 Re 246 Op 86182 13/01/2024 1 01/02/2012 Books
          Dr. Suryya Kumar Bhuyan Library Dr. Suryya Kumar Bhuyan Library 01/02/2012 00000   370 Re 246 Op 046/edn 13/01/2024 3 01/02/2012 Books
          Dr. Suryya Kumar Bhuyan Library Dr. Suryya Kumar Bhuyan Library 01/02/2012 00000   370 Re 246 Op 047/Edn 13/01/2024 4 01/02/2012 Books
          Dr. Suryya Kumar Bhuyan Library Dr. Suryya Kumar Bhuyan Library 01/02/2012 00000   370 Re 246 Op 86181 13/01/2024 2 01/02/2012 Books

Designed and Maintained by Team SKBL
©1901-2026

Powered by Koha